|
|
|
|
| LEADER |
01050nam a22002777a 4500 |
| 001 |
36108 |
| 003 |
BD-DhAAL |
| 005 |
20211130113501.0 |
| 008 |
190924t1986 enka|||| b||| 001 0 eng d |
| 999 |
|
|
|c 41395
|d 41395
|
| 020 |
|
|
|a 9780063183476
|
| 020 |
|
|
|a 0063183471
|
| 040 |
|
|
|a BD-DhAAL
|
| 082 |
|
|
|a 371.2001
|
| 100 |
|
|
|a Tony Bush,
|d 1943-
|9 35196
|
| 245 |
|
|
|a Theories of educational management /
|c Tony Bush.
|
| 260 |
|
|
|a London :
|b Harper and Row,
|c 1986.
|
| 300 |
|
|
|a viii,143 pages :
|b illustrations ;
|c 20 cm.
|
| 504 |
|
|
|a Includes bibliographical references and index.
|
| 526 |
|
|
|a BIED
|
| 541 |
|
|
|a Complimentary copy from BIED
|e 36108
|
| 650 |
|
|
|a School management and organization
|9 35212
|
| 650 |
|
|
|a Educational institutions Management Theories
|x Social science
|9 35213
|
| 852 |
|
|
|a Ayesha Abed Library
|c BIED Collection
|
| 942 |
|
|
|2 ddc
|c BK
|
| 952 |
|
|
|0 0
|1 0
|2 ddc
|4 0
|6 371_200100000000000_TON
|7 0
|9 66498
|a BRACUL
|b BRACUL
|c GEN
|d 2019-09-24
|e Complimentary copy from BIED
|l 0
|o 371.2001 TON
|p 3010036108
|r 2019-09-24
|t 1
|w 2019-09-24
|y BK
|x BIED-3578
|